Score 0/32 Timer 08:00
9 Plays Today
Question Answer Wrong Answers
New England Patriots
74,751 Yards
Tom Brady
99%
Drew Bledsoe
0.6%
Steve Grogan
0.2%
Babe Parilli
0.2%
New Orleans Saints
65,068 Yards
Drew Brees
98.5%
Archie Manning
0.7%
Aaron Brooks
0.3%
Bobby Hebert
0.2%
Miami Dolphins
61,361 Yards
Dan Marino
97.3%
Bob Griese
0.6%
Ryan Tannehill
0.6%
Jay Fiedler
0.4%
Detroit Lions
41,025 Yards
Matthew Stafford
94.5%
Bobby Layne
1.3%
Scott Mitchell
0.8%
Greg Landry
1.4%
Indianapolis Colts
54,828 Yards
Peyton Manning
93.8%
Johnny Unitas
2%
Andrew Luck
2.5%
Bert Jones
0.2%
New York Giants
57,023 Yards
Eli Manning
93.2%
Phil Simms
4.6%
Kerry Collins
0.5%
Charlie Conerly
0.2%
Atlanta Falcons
51,186 Yards
Matt Ryan
91.3%
Steve Bartkowski
1.6%
Michael Vick
4.5%
Chris Chandler
0.7%
Denver Broncos
51,475 Yards
John Elway
91%
Peyton Manning
6.8%
Brian Griese
0.2%
Jake Plummer
0.3%
Buffalo Bills
35,467 Yards
Jim Kelly
90.3%
Joe Ferguson
2%
Jack Kemp
1.3%
Ryan Fitzpatrick
4.3%
Baltimore Ravens
38,245 Yards
Joe Flacco
88.7%
Kyle Boller
0.4%
Vinny Testaverde
2.7%
Lamar Jackson
6.1%
Pittsburgh Steelers
56,545 Yards
Ben Roethlisberger
88.6%
Terry Bradshaw
9.6%
Kordell Stewart
0.2%
Neil O'Donnell
0.2%
Los Angeles Chargers
59,271 Yards
Philip Rivers
83.2%
Dan Fouts
14.4%
John Hadl
0.4%
Stan Humphries
0.7%
Green Bay Packers
61,665 Yards
Brett Favre
80.3%
Aaron Rodgers
18.1%
Bart Starr
1.1%
Lynn Dickey
0.2%
Philadelphia Eagles
32,873 Yards
Donovan McNabb
79.2%
Ron Jaworski
3.8%
Randall Cunningham
12.9%
Norm Snead
0.9%
San Francisco 49ers
35,124 Yards
Joe Montana
79%
Steve Young
17.8%
John Brodie
0.3%
Jeff Garcia
0.7%
Houston Texans
23,221 Yards
Matt Schaub
70.5%
David Carr
17.9%
Sage Rosenfels
1.5%
Deshaun Watson
5.1%
New York Jets
27,057 Yards
Joe Namath
66.1%
Ken O'Brien
13.1%
Richard Todd
2%
Chad Pennington
14.6%
Washington Redskins
25,206 Yards
Joe Theismann
63.6%
Sonny Jurgensen
14.1%
Sammy Baugh
9.1%
Mark Rypien
8.6%
Minnesota Vikings
33,098 Yards
Fran Tarkenton
63.4%
Tommy Kramer
4%
Daunte Culpepper
26.7%
Wade Wilson
2.9%
Jacksonville Jaguars
25,698 Yards
Mark Brunell
57.7%
David Garrard
13.2%
Blake Bortles
14.8%
Byron Leftwich
9.8%
Chicago Bears
23,443 Yards
Jay Cutler
57.2%
Sid Luckman
9.7%
Jim Harbaugh
7.2%
Jim McMahon
20.9%
Carolina Panthers
29,041 Yards
Cam Newton
55.8%
Jake Delhomme
27.3%
Steve Beuerlein
4%
Kerry Collins
9%
Dallas Cowboys
34,183 Yards
Tony Romo
51.1%
Troy Aikman
41.1%
Roger Staubach
4.9%
Danny White
0.4%
Tampa Bay Buccaneers
19,737 Yards
Jameis Winston
49.4%
Josh Freeman
7.9%
Trent Dilfer
11.5%
Vinny Testaverde
26.1%
Tennessee Titans
33,685 Yards
Warren Moon
49.4%
Steve McNair
39.7%
George Blanda
1.4%
Vince Young
6.7%
Kansas City Chiefs
28,507 Yards
Len Dawson
44%
Trent Green
21.3%
Bill Kenney
2.5%
Alex Smith
28.2%
Los Angeles Rams
23,758 Yards
Jim Everett
42.3%
Marc Bulger
24.1%
Roman Gabriel
8.5%
Norm Van Brocklin
20.5%
Seattle Seahawks
29,734 Yards
Russell Wilson
36.1%
Dave Krieg
8.8%
Jim Zorn
3.7%
Matt Hasselbeck
47.8%
Las Vegas Raiders
22,793 Yards
Derek Carr
28.2%
Rich Gannon
22.6%
Jim Plunkett
12.8%
Ken Stabler
31.4%
Arizona Cardinals
34,639 Yards
Jim Hart
21.5%
Neil Lomax
11.8%
Jake Plummer
15.6%
Kurt Warner
48.7%
Cincinnati Bengals
32,838 Yards
Ken Anderson
13.9%
Boomer Esiason
18.7%
Carson Palmer
33.6%
Andy Dalton
30.3%
Cleveland Browns
23,713 Yards
Brian Sipe
11.5%
Otto Graham
37.5%
Bernie Kosar
41.3%
Frank Ryan
5%

You're not logged in!

Compare scores with friends on all Sporcle quizzes.
OR
Log In

Sporcle TV

Today on Sporcle TV


Watch our educational content, quiz creation guides, and fun videos on Sporcle TV.

Show Comments

Extras

Top Quizzes Today


Score Distribution

Paid Content

Your Account Isn't Verified!

In order to create a playlist on Sporcle, you need to verify the email address you used during registration. Go to your Sporcle Settings to finish the process.

Report this User

Report this user for behavior that violates our Community Guidelines.

Details: